Reach breaking point (Record no. 81078)
[ view plain ]
| 000 -LEADER | |
|---|---|
| fixed length control field | 01163cab a22002535a 4500 |
| 001 - CONTROL NUMBER | |
| control field | L146199 |
| 008 - FIXED-LENGTH DATA ELEMENTS--GENERAL INFORMATION | |
| fixed length control field | 081216e20081213xxka f g 000 0 eng d |
| 035 ## - SYSTEM CONTROL NUMBER | |
| System control number | (Sirsi) u146199 |
| 041 0# - LANGUAGE CODE | |
| Language code of text/sound track or separate title | eng |
| 100 1# - MAIN ENTRY--PERSONAL NAME | |
| Personal name | Edwards, Simon |
| 245 00 - TITLE STATEMENT | |
| Title | Reach breaking point |
| 260 ## - PUBLICATION, DISTRIBUTION, ETC. | |
| Date of publication, distribution, etc. | 2008 |
| 490 ## - SERIES STATEMENT | |
| Series statement | Estates Gazette |
| Volume/sequential designation | (0849) 13 December 2008, 72-73(2) |
| 520 ## - SUMMARY, ETC. | |
| Summary, etc. | Mainly for students article looks at the hazards faced by tenants if they do not allow adequate provision for checking their lease arrangements when seeking to exercise break clauses. Looks at obligations relating to monies due and dilapidations and discusses complete covenant compliance clauses (CCCS) and the application of the Civil Procedure Rules (CPR). |
| 590 ## - LOCAL NOTE (RLIN) | |
| Local note | KA |
| 650 24 - SUBJECT ADDED ENTRY--TOPICAL TERM | |
| Topical term or geographic name entry element | BAIRSTOW EVES (SECURITIES) LTD V RIPLEY |
| 650 24 - SUBJECT ADDED ENTRY--TOPICAL TERM | |
| Topical term or geographic name entry element | REED PERSONNEL SERVICES V AMERICAN EXPRESS EUROPE |
| 650 24 - SUBJECT ADDED ENTRY--TOPICAL TERM | |
| Topical term or geographic name entry element | COMMERCIAL UNION LIFE ASSURANCE CO LTD V LABEL INK LTD |
| 650 24 - SUBJECT ADDED ENTRY--TOPICAL TERM | |
| Topical term or geographic name entry element | FITZROY HOUSE EPWORTH STREET (NO.1) LTD AND ANOTHER V FINANCIAL TIMES |
| 651 #4 - SUBJECT ADDED ENTRY--GEOGRAPHIC NAME | |
| Geographic name | PROPERTY-COMMERCIAL PROPERTY-COMMERCIAL LANDLORD AND TENANT |
| 700 1# - ADDED ENTRY--PERSONAL NAME | |
| Personal name | Stell, Patrick |
| 700 1# - ADDED ENTRY--PERSONAL NAME | |
| Personal name | Firn, Keith |
| 942 ## - ADDED ENTRY ELEMENTS (KOHA) | |
| Suppress in OPAC | 0 |
| Withdrawn status | Lost status | Source of classification or shelving scheme | Damaged status | Not for loan | Home library | Current library | Shelving location | Date acquired | Total Checkouts | Full call number | Barcode | Date last seen | Copy number | Price effective from | Koha item type |
|---|---|---|---|---|---|---|---|---|---|---|---|---|---|---|---|
| Dewey Decimal Classification | London | London | Journal article | 16/12/2008 | L146199 | 146199-1001 | 06/08/2019 | 1 | 06/08/2019 | Journal article |